000 00459nam a2200181Ia 4500
001 9684
005 20260306161736.0
008 260306t2017||||xx |||||||||||||| ||spa||
041 _aESP
082 _a394.2509854
_bF89
100 _aFuentes Pastor, Hélard André
_eAUT
245 0 _aHistoria de las fiestas del carnaval en Arequipa
260 _c2017
300 _a306 páginas :
_c23 cm.
650 _aGEN
654 _aCHU
942 _cLIB
_dJUS
_fJUS
_2ddc
_n
999 _c9684
_d9684